Srdce pro Izrael : historická a biblická perspektiva /

Hlavní autor: Marcellino, Jerry
Korporativní autor: Kostnická jednota. Misijní odbor
Další autoři: Yochanan Ben Yehuda
Jazyk: Čeština
Vydáno: Ostrava : Křesťanský sbor Ostrava-Kunčičky pro Misijní odbor Kostnické jednoty, Praha, 2013
Vydání: Vyd. 1.
Témata:
Fyzický popis: 47 s. ; 21 cm
Knihy
Uloženo v:
LEADER 02621nam a2200685 a 4500
001 nkc20132447561
003 CZ PrNK
005 20130702080224.0
007 ta
008 130515s2013 xr e 000 0 cze
015 |a cnb002447561 
020 |a 978-80-905203-3-2  |q (Křesťanský sbor Ostrava-Kunčičky :  |q brož.) 
035 |a (OCoLC)852382836 
040 |a ABA001  |b cze 
041 1 |a cze  |h ger 
072 7 |a 27-1/-2  |x Křesťanská teologie. Dogmatická teologie  |2 Konspekt  |9 5 
080 |a 27-185.5  |2 MRF 
080 |a 26  |2 MRF 
080 |a 26-1/-9  |2 MRF 
080 |a 27  |2 MRF 
080 |a (=411.16)  |2 MRF 
080 |a 27-67:26  |2 MRF 
080 |a 27-277  |2 MRF 
080 |a 27-277.2  |2 MRF 
080 |a 279.123-1  |2 MRF 
080 |a (049)  |2 MRF 
100 1 |a Marcellino, Jerry  |7 jo2013761141  |4 aut 
245 1 0 |a Srdce pro Izrael :  |b historická a biblická perspektiva /  |c Jerry Marcellino, Yochanan Ben Yehuda ; [překlad Jan a Marie Žákovi] 
250 |a Vyd. 1. 
260 |a Ostrava :  |b Křesťanský sbor Ostrava-Kunčičky pro Misijní odbor Kostnické jednoty, Praha,  |c 2013 
300 |a 47 s. ;  |c 21 cm 
500 |a Přeloženo z němčiny 
504 |a Obsahuje bibliografické odkazy 
650 0 7 |a spása  |7 ph162849  |x křesťanské pojetí  |2 czenas 
650 0 7 |a judaismus  |7 ph114838  |x křesťanské pojetí  |2 czenas 
650 0 7 |a učení judaismu  |7 ph162852  |x křesťanské pojetí  |2 czenas 
650 0 7 |a Židé  |7 ph127782  |x křesťanské pojetí  |2 czenas 
650 0 7 |a křesťanství a judaismus  |7 ph115077  |2 czenas 
650 0 7 |a biblická interpretace  |7 ph118847  |2 czenas 
650 0 7 |a biblické citáty  |7 ph118853  |2 czenas 
650 0 7 |a evangelikální teologie  |7 ph170450  |2 czenas 
650 0 9 |a salvation  |x Christian approach  |2 eczenas 
650 0 9 |a Judaism  |x Christian approach  |2 eczenas 
650 0 9 |a doctrine of Judaism  |x Christian approach  |2 eczenas 
650 0 9 |a Jews  |x Christian approach  |2 eczenas 
650 0 9 |a Christianity and Judaism  |2 eczenas 
650 0 9 |a Biblical interpretation  |2 eczenas 
650 0 9 |a Biblical quotations  |2 eczenas 
650 0 9 |a evangelical theology  |2 eczenas 
655 7 |a pojednání  |7 fd133056  |2 czenas 
655 9 |a essays  |2 eczenas 
700 0 |a Yochanan Ben Yehuda  |7 jo2013761157  |4 aut 
710 2 |a Kostnická jednota.  |b Misijní odbor  |7 kn20030613005 
765 0 |t Herz für Israel  |9 Česky 
910 2 |a BOA001  |b 2-1306.140 
928 9 |a Křesťanský sbor Ostrava-Kunčičky 
990 |a BK 
995 |a 01 
991 |b 201306  |c NOV  |e n 
996 6 |b 2610550146  |c 2-1306.140  |l MZK  |r Sklad / do 1 hodiny  |n 0  |p p.v.  |w 001330160  |u 000010  |a 1  |e BOA001  |j MZK50  |s P